| 000 | 01274nab a2200229 i 4500 | ||
|---|---|---|---|
| 001 | BPP | ||
| 003 | BPK | ||
| 005 | 20160604121402.0 | ||
| 008 | 150506s2003 pl n f |000 0pol | ||
| 040 | _cBPK | ||
| 080 | _a339.92 | ||
| 100 |
_aWALLIS, Anna. _d1996 - . _bPolitechnika Koszalińska - Wydział Ekonomii i Zarządzania, _cKatedra Metod Ilościowych - Zakład Zastosowań Informatyki w Ekonomii |
||
| 245 |
_aPrzedsiębiorstwo w warunkach globalizacji gospodarki / _cAnna Wallis. |
||
| 260 | _c2003. | ||
| 500 | _aDane z autopsji. | ||
| 520 | _aProces globalizacji jest obecnie jednym z najważniejszych trendów w rozwoju światowej gospodarki. Obecnie globalizacja jest najczęściej postrzeganą cechą otoczenia przedsiębiorstw. Z pewnością pozostanie nadal cechą przedsiębiorstwa przyszłości. Zarówno globalizacja, jak i rozwój technologii informatycznych wpływają na podejście przedsiębiorstw do prowadzenia działalności oraz efektywnego konkurowania na rynku globalnym. | ||
| 650 | 0 | _aGlobalizacja. | |
| 650 | _aGospodarka. | ||
| 650 | 0 | _aPrzedsiębiorstwo. | |
| 773 |
_iW : _tKoszalińskie Studia i Materiały. - _dKoszalin : Wydaw. Uczelniane Politechniki Koszalińskiej, 2003. - _gnr 5, s. 177-187 |
||
| 942 |
_cART _2UKD |
||
| 999 |
_c4395 _d4395 |
||